| 000 | 00965cam a22002651 4500 | ||
|---|---|---|---|
| 001 | 0000003632 | ||
| 005 | 20170406115202.0 | ||
| 008 | 740819s1955 xx 000 0 eng | ||
| 010 | _a 55002244 | ||
| 035 | _9(DLC) 55002244 | ||
| 035 | _a(OCoLC)981408 | ||
| 040 |
_aDLC _cTxU-Da _dDLC |
||
| 050 | 0 | 0 |
_aPR1109 _b.R53 1955 |
| 082 | 0 | _a820.82 | |
| 100 | 1 |
_aRodabaugh, Delmer, _eed. |
|
| 245 | 1 | 0 |
_aProse and poetry of England / _c[by] Delmer Rodabaugh [and] Agnes L. McCarthy. Design by Stefan Salter; illus. by Fritz Kredel. |
| 250 | _a5th ed. | ||
| 260 |
_aSyracuse N.Y. : _bL.W. Singer Co., _c[1955] |
||
| 300 |
_a716 p. : _billus. ; _c25 cm. |
||
| 500 | _aFourth ed., directed by H.M. Lucas and H.M. Ward, was published in 1950 as Prose and poetry series, 12th year. | ||
| 650 | 0 | _aEnglish literature. | |
| 700 | 1 |
_aMcCarthy, Agnes L. _q(Agnes Louise), _d1904-1997, _ejoint ed. |
|
| 908 | _a140701 | ||
| 999 |
_c3504 _d3504 |
||